| 000 | 00491nam a2200181Ia 4500 | ||
|---|---|---|---|
| 005 | 20250603145059.0 | ||
| 008 | 250603s9999 xx 000 0 und d | ||
| 020 | _a9789350145708 | ||
| 050 | _aTE 175 .H54/ | ||
| 100 | _aEdited by Deng Weidong; Yang Hangzhuo; Ning Lin; Zou Yun... et. al. | ||
| 245 | 0 | _aHighway landscape planning and construction | |
| 260 | _aNew Delhi | ||
| 260 | _bS. K. Kataria & Son | ||
| 260 | _c2014 | ||
| 300 | _a173 p | ||
| 650 | _aNew Delhi | ||
| 942 | _cBK | ||
| 999 |
_c40813 _d40813 |
||